000 00659nam a2200229Ia 4500
005 20230216142936.0
008 131103s9999 xx 000 0 und d
040 _aLoreto College
041 _aEnglish
082 _a820.9
_bWYA
100 _aWyatt, A. J.
245 _aEnglish literature of the nineteenth century
_cA. J. Wyatt and Henry Clay
260 _aLondon
_bUniversity of Turorial Press
_c1912
300 _a[4],185 p.
440 _aThe University Turorial series
504 _aIncludes index
650 _aEnglish Literature
651 _a19th Century - History and Criticism
700 _aClay, Henry
850 _aLCLIB
942 _cBK
999 _c7793
_d58272